Understanding incontinence (Record no. 60699)

MARC details
000 -LEADER
fixed length control field 00603nam a2200157 a 4500
008 - FIXED-LENGTH DATA ELEMENTS--GENERAL INFORMATION
fixed length control field 120416s0000 ||||||||||||||||| || u
020 ## - INTERNATIONAL STANDARD BOOK NUMBER
International Standard Book Number 0412333104
050 ## - LIBRARY OF CONGRESS CALL NUMBER
Classification number RC 921.I5 Man
100 ## - MAIN ENTRY--PERSONAL NAME
Personal name Mandelstam, Dorothy
245 10 - TITLE STATEMENT
Title Understanding incontinence
246 ## - VARYING FORM OF TITLE
Title proper/short title a guide to the nature and management of a very common complaint
260 ## - PUBLICATION, DISTRIBUTION, ETC.
Place of publication, distribution, etc. London
Name of publisher, distributor, etc. Chapman and Hall
Date of publication, distribution, etc. 1989
300 ## - PHYSICAL DESCRIPTION
Extent xiv, ill. : ill.
350 ## - PRICE (NR) (BK AM CF MU VM SE) [OBSOLETE]
Price 0.00
995 ## - RECOMMENDATION 995 [LOCAL, UNIMARC FRANCE]
-- 0.00
-- CBU-MAIN LIBRARY (Kitwe)
-- 1
-- 5.95
-- 1
-- AVAILABLE
-- Apr 19, 2007
-- Main Library Open Access Collection
Holdings
Withdrawn status Lost status Source of classification or shelving scheme Damaged status Not for loan Home library Current library Shelving location Date acquired Total Checkouts Full call number Barcode Date last seen Price effective from Koha item type
          CBU-MAIN LIBRARY, KITWE. CBU-MAIN LIBRARY, KITWE.   11/30/2022   RC 921.I5 Man 013167 11/30/2022 11/30/2022 MONOGRAPH